[Event "ABC-4 2025 Groep B"]
[Site "Utrecht"]
[Date "2025.03.16"]
[Round "7.6"]
[White "Hallibert, Emilien"]
[Black "Van Haaften, Jelle"]
[Result "1-0"]
[WhiteFideId "8872523"]
[BlackFideId "8687283"]
[WhiteElo "2003"]
[BlackElo "1843"]

1. e4 {[%clk 00:55:09]} {[%emt 00:00:10]} c6 {[%clk 00:55:20]} {[%emt
00:00:02]} 2. d4 {[%clk 00:55:08]} {[%emt 00:00:10]} d5 {[%clk 00:55:29]}
{[%emt 00:00:01]} 3. Nc3 {[%clk 00:54:48]} {[%emt 00:00:29]} dxe4 {[%clk
00:55:34]} {[%emt 00:00:05]} 4. Nxe4 {[%clk 00:54:53]} {[%emt 00:00:05]} Bf5
{[%clk 00:55:37]} {[%emt 00:00:08]} 5. Ng3 {[%clk 00:55:00]} {[%emt 00:00:02]}
Bg6 {[%clk 00:55:42]} {[%emt 00:00:05]} 6. h4 {[%clk 00:55:09]} {[%emt
00:00:01]} h6 {[%clk 00:55:46]} {[%emt 00:00:06]} 7. Nf3 {[%clk 00:55:19]} Nd7
{[%clk 00:55:54]} {[%emt 00:00:02]} 8. h5 {[%clk 00:54:47]} {[%emt 00:00:42]}
Bh7 {[%clk 00:55:41]} {[%emt 00:00:23]} 9. Bd3 {[%clk 00:54:56]} Bxd3 {[%clk
00:55:41]} {[%emt 00:00:10]} 10. Qxd3 {[%clk 00:55:05]} {[%emt 00:00:01]} e6
{[%clk 00:55:43]} {[%emt 00:00:08]} 11. Bf4 {[%clk 00:55:10]} {[%emt 00:00:05]}
Qa5+ {[%clk 00:55:48]} {[%emt 00:00:05]} 12. Bd2 {[%clk 00:55:19]} {[%emt
00:00:01]} Bb4 {[%clk 00:55:50]} {[%emt 00:00:08]} 13. Ne4 {[%clk 00:55:28]}
Ngf6 {[%clk 00:50:28]} {[%emt 00:05:32]} 14. Nd6+ {[%clk 00:55:15]} {[%emt
00:00:24]} Ke7 {[%clk 00:48:06]} {[%emt 00:02:33]} 15. Nc4 {[%clk 00:55:21]}
{[%emt 00:00:03]} Bxd2+ {[%clk 00:47:40]} {[%emt 00:00:35]} 16. Nfxd2 {[%clk
00:55:12]} {[%emt 00:00:20]} Qc7 {[%clk 00:47:38]} {[%emt 00:00:12]} 17. Qa3+
{[%clk 00:54:10]} {[%emt 00:01:12]} c5 {[%clk 00:47:35]} {[%emt 00:00:14]} 18.
c3 {[%clk 00:48:06]} {[%emt 00:06:14]} Rhd8 {[%clk 00:45:39]} {[%emt 00:02:05]}
19. O-O-O {[%clk 00:46:02]} {[%emt 00:02:14]} Kf8 {[%clk 00:45:13]} {[%emt
00:00:37]} 20. Kb1 {[%clk 00:45:18]} {[%emt 00:00:53]} Kg8 {[%clk 00:45:10]}
{[%emt 00:00:13]} 21. Ne3 {[%clk 00:35:54]} {[%emt 00:09:34]} b5 {[%clk
00:43:50]} {[%emt 00:01:30]} 22. dxc5 {[%clk 00:32:52]} {[%emt 00:03:12]} Nxc5
{[%clk 00:42:53]} {[%emt 00:01:07]} 23. Nf3 {[%clk 00:28:35]} {[%emt 00:04:26]}
Nd3 {[%clk 00:40:23]} {[%emt 00:02:41]} 24. Rd2 {[%clk 00:27:17]} {[%emt
00:01:28]} Ne4 {[%clk 00:38:53]} {[%emt 00:01:39]} 25. Rc2 {[%clk 00:25:26]}
{[%emt 00:02:02]} Nexf2 {[%clk 00:35:44]} {[%emt 00:03:19]} 26. Rf1 {[%clk
00:23:22]} {[%emt 00:02:14]} Qb6 {[%clk 00:31:19]} {[%emt 00:04:35]} 27. Nd4
{[%clk 00:22:06]} {[%emt 00:01:27]} Ne4 {[%clk 00:27:42]} {[%emt 00:03:47]} 28.
Qe7 {[%clk 00:19:54]} {[%emt 00:02:21]} Nf6 {[%clk 00:25:59]} {[%emt 00:01:53]}
29. Ng4 {[%clk 00:18:30]} {[%emt 00:01:34]} Nxg4 {[%clk 00:22:43]} {[%emt
00:03:27]} 30. Rxf7 {[%clk 00:16:43]} {[%emt 00:01:58]} Kh8 {[%clk 00:16:53]}
{[%emt 00:05:59]} 31. Rxg7 {[%clk 00:16:22]} {[%emt 00:00:31]} Nf6 {[%clk
00:16:42]} {[%emt 00:00:22]} 32. Qxf6 {[%clk 00:16:23]} {[%emt 00:00:09]} e5
{[%clk 00:16:48]} {[%emt 00:00:04]} 33. Qf7 {[%clk 00:15:49]} {[%emt 00:00:43]}
exd4 {[%clk 00:13:04]} {[%emt 00:03:55]} 34. Rh7# {[%clk 00:15:51]} {[%emt
00:00:07]} 1-0

[Event "ABC-4 2025 Groep B"]
[Site "Utrecht"]
[Date "2025.03.16"]
[Round "7.7"]
[White "Garay, Enzo"]
[Black "Elangkumaran, Anumitra"]
[Result "1-0"]
[WhiteFideId "8989948"]
[BlackFideId "8925125"]
[WhiteElo "1978"]
[BlackElo "1620"]

1. e4 {[%clk 00:55:18]} {[%emt 00:00:01]} e5 {[%clk 00:55:16]} {[%emt
00:00:04]} 2. Nf3 {[%clk 00:55:24]} {[%emt 00:00:04]} Nc6 {[%clk 00:55:20]}
{[%emt 00:00:07]} 3. Bb5 {[%clk 00:55:32]} {[%emt 00:00:02]} a6 {[%clk
00:54:35]} {[%emt 00:00:55]} 4. Ba4 {[%clk 00:55:19]} {[%emt 00:00:23]} b5
{[%clk 00:54:09]} {[%emt 00:00:36]} 5. Bb3 {[%clk 00:55:24]} {[%emt 00:00:05]}
Nf6 {[%clk 00:54:05]} {[%emt 00:00:13]} 6. d3 {[%clk 00:55:24]} {[%emt
00:00:11]} Bc5 {[%clk 00:53:23]} {[%emt 00:00:52]} 7. a4 {[%clk 00:54:07]}
{[%emt 00:01:27]} bxa4 {[%clk 00:51:19]} {[%emt 00:02:15]} 8. Bxa4 {[%clk
00:54:03]} {[%emt 00:00:13]} O-O {[%clk 00:47:41]} {[%emt 00:03:48]} 9. O-O
{[%clk 00:53:53]} {[%emt 00:00:20]} Re8 {[%clk 00:45:55]} {[%emt 00:01:56]} 10.
h3 {[%clk 00:51:17]} {[%emt 00:02:46]} Bb7 {[%clk 00:44:50]} {[%emt 00:01:16]}
11. Bg5 {[%clk 00:48:45]} {[%emt 00:02:41]} h6 {[%clk 00:43:45]} {[%emt
00:01:15]} 12. Bh4 {[%clk 00:47:08]} {[%emt 00:01:47]} Re6 {[%clk 00:40:39]}
{[%emt 00:03:16]} 13. Bb3 {[%clk 00:46:17]} {[%emt 00:01:01]} Re8 {[%clk
00:39:44]} {[%emt 00:01:04]} 14. Nbd2 {[%clk 00:46:04]} {[%emt 00:00:23]} Be7
{[%clk 00:38:29]} {[%emt 00:01:25]} 15. Re1 {[%clk 00:45:23]} {[%emt 00:00:52]}
d6 {[%clk 00:37:38]} {[%emt 00:01:01]} 16. Nc4 {[%clk 00:43:28]} {[%emt
00:02:05]} Nd7 {[%clk 00:36:48]} {[%emt 00:01:01]} 17. Bg3 {[%clk 00:42:40]}
{[%emt 00:00:57]} Bf6 {[%clk 00:35:05]} {[%emt 00:01:53]} 18. c3 {[%clk
00:41:39]} {[%emt 00:01:12]} Ne7 {[%clk 00:33:14]} {[%emt 00:02:00]} 19. d4
{[%clk 00:39:46]} {[%emt 00:02:03]} Ng6 {[%clk 00:32:36]} {[%emt 00:00:48]} 20.
d5 {[%clk 00:33:44]} {[%emt 00:06:12]} Nc5 {[%clk 00:30:32]} {[%emt 00:02:13]}
21. Bc2 {[%clk 00:33:35]} {[%emt 00:00:19]} Qe7 {[%clk 00:27:20]} {[%emt
00:03:22]} 22. b4 {[%clk 00:32:43]} {[%emt 00:01:03]} Nd7 {[%clk 00:27:06]}
{[%emt 00:00:24]} 23. Ne3 {[%clk 00:32:30]} {[%emt 00:00:22]} Nb6 {[%clk
00:25:00]} {[%emt 00:02:16]} 24. Nf5 {[%clk 00:30:50]} {[%emt 00:01:48]} Qd7
{[%clk 00:24:27]} {[%emt 00:00:44]} 25. Nh2 {[%clk 00:29:16]} {[%emt 00:01:44]}
Red8 {[%clk 00:22:39]} {[%emt 00:01:58]} 26. Ng4 {[%clk 00:28:58]} {[%emt
00:00:28]} Bg5 {[%clk 00:22:02]} {[%emt 00:00:47]} 27. h4 {[%clk 00:28:58]}
{[%emt 00:00:10]} Bf4 {[%clk 00:21:26]} {[%emt 00:00:47]} 28. Bxf4 {[%clk
00:26:40]} {[%emt 00:02:29]} Nxf4 {[%clk 00:20:13]} {[%emt 00:01:23]} 29.
Nfxh6+ {[%clk 00:25:43]} {[%emt 00:01:06]} Kh8 {[%clk 00:18:25]} {[%emt
00:01:58]} 30. Nf5 {[%clk 00:25:37]} {[%emt 00:00:16]} Rg8 {[%clk 00:17:32]}
{[%emt 00:01:03]} 31. g3 {[%clk 00:25:26]} {[%emt 00:00:21]} Ng6 {[%clk
00:16:59]} {[%emt 00:00:43]} 32. Nf6 {[%clk 00:25:29]} {[%emt 00:00:06]} Qxf5
{[%clk 00:15:02]} {[%emt 00:02:07]} 33. exf5 {[%clk 00:25:35]} {[%emt
00:00:05]} gxf6 {[%clk 00:15:07]} {[%emt 00:00:05]} 34. Qh5+ {[%clk 00:25:36]}
{[%emt 00:00:09]} Kg7 {[%clk 00:15:00]} {[%emt 00:00:17]} 35. fxg6 {[%clk
00:25:42]} {[%emt 00:00:04]} Rh8 {[%clk 00:14:09]} {[%emt 00:01:00]} 36. Qg4
{[%clk 00:25:40]} {[%emt 00:00:12]} Kf8 {[%clk 00:13:54]} {[%emt 00:00:26]} 37.
g7+ {[%clk 00:25:42]} {[%emt 00:00:08]} Ke7 {[%clk 00:13:41]} {[%emt 00:00:23]}
38. gxh8=Q {[%clk 00:25:11]} {[%emt 00:00:40]} Rxh8 {[%clk 00:13:41]} {[%emt
00:00:11]} 39. Qg7 {[%clk 00:25:02]} {[%emt 00:00:19]} Rf8 {[%clk 00:13:26]}
{[%emt 00:00:25]} 40. h5 {[%clk 00:25:09]} {[%emt 00:00:04]} Bxd5 {[%clk
00:13:25]} {[%emt 00:00:11]} 41. Rxa6 {[%clk 00:25:07]} {[%emt 00:00:11]} Rc8
{[%clk 00:12:57]} {[%emt 00:00:38]} 42. h6 {[%clk 00:25:12]} {[%emt 00:00:05]}
Be6 {[%clk 00:12:51]} {[%emt 00:00:16]} 43. h7 {[%clk 00:25:09]} {[%emt
00:00:12]} Bd5 {[%clk 00:12:47]} {[%emt 00:00:15]} 44. Ra7 {[%clk 00:25:10]}
{[%emt 00:00:09]} Bb7 {[%clk 00:12:31]} {[%emt 00:00:25]} 45. Rxb7 {[%clk
00:25:15]} {[%emt 00:00:06]} Nd5 {[%clk 00:12:36]} {[%emt 00:00:05]} 46. Bf5
{[%clk 00:25:20]} {[%emt 00:00:05]} Rf8 {[%clk 00:12:40]} {[%emt 00:00:06]} 47.
c4 {[%clk 00:25:23]} {[%emt 00:00:08]} Nxb4 {[%clk 00:12:43]} {[%emt 00:00:07]}
48. Rxc7+ {[%clk 00:25:26]} {[%emt 00:00:07]} Ke8 {[%clk 00:12:43]} {[%emt
00:00:10]} 49. Rc8+ {[%clk 00:25:33]} {[%emt 00:00:03]} Ke7 {[%clk 00:12:42]}
{[%emt 00:00:11]} 50. Rc7+ {[%clk 00:25:34]} {[%emt 00:00:09]} Ke8 {[%clk
00:12:41]} {[%emt 00:00:10]} 51. Qxf8+ {[%clk 00:25:38]} {[%emt 00:00:06]} Kxf8
{[%clk 00:12:39]} {[%emt 00:00:13]} 52. h8=Q# {[%clk 00:25:38]} {[%emt
00:00:10]} 1-0

[Event "ABC-4 2025 Groep B"]
[Site "Utrecht"]
[Date "2025.03.16"]
[Round "7.8"]
[White "De Wit, Evan"]
[Black "Hagen, Carlijn"]
[Result "1-0"]
[WhiteFideId "8935949"]
[BlackFideId "8829128"]
[WhiteElo "2049"]
[BlackElo "1910"]

1. e4 {[%clk 00:54:54]} {[%emt 00:00:26]} e5 {[%clk 00:55:08]} {[%emt
00:00:13]} 2. Nf3 {[%clk 00:55:02]} {[%emt 00:00:01]} Nc6 {[%clk 00:55:10]}
{[%emt 00:00:08]} 3. Bb5 {[%clk 00:55:08]} {[%emt 00:00:04]} a6 {[%clk
00:54:57]} {[%emt 00:00:23]} 4. Ba4 {[%clk 00:55:14]} {[%emt 00:00:05]} Nf6
{[%clk 00:53:24]} {[%emt 00:01:43]} 5. O-O {[%clk 00:55:17]} {[%emt 00:00:07]}
Bc5 {[%clk 00:52:57]} {[%emt 00:00:37]} 6. Bxc6 {[%clk 00:54:33]} {[%emt
00:00:54]} dxc6 {[%clk 00:52:20]} {[%emt 00:00:47]} 7. Nxe5 {[%clk 00:54:21]}
{[%emt 00:00:22]} O-O {[%clk 00:51:19]} {[%emt 00:01:11]} 8. d3 {[%clk
00:54:15]} {[%emt 00:00:16]} Re8 {[%clk 00:50:24]} {[%emt 00:01:05]} 9. Nf3
{[%clk 00:54:15]} {[%emt 00:00:09]} Bg4 {[%clk 00:49:27]} {[%emt 00:01:07]} 10.
Be3 {[%clk 00:54:00]} {[%emt 00:00:25]} Bd6 {[%clk 00:47:11]} {[%emt 00:02:26]}
11. h3 {[%clk 00:53:02]} {[%emt 00:01:08]} Bh5 {[%clk 00:45:19]} {[%emt
00:02:02]} 12. Nbd2 {[%clk 00:52:58]} {[%emt 00:00:14]} h6 {[%clk 00:43:54]}
{[%emt 00:01:35]} 13. Qe1 {[%clk 00:51:22]} {[%emt 00:01:45]} c5 {[%clk
00:38:01]} {[%emt 00:06:04]} 14. Nh2 {[%clk 00:50:59]} {[%emt 00:00:31]} g5
{[%clk 00:32:17]} {[%emt 00:05:55]} 15. f4 {[%clk 00:49:01]} {[%emt 00:02:08]}
gxf4 {[%clk 00:31:39]} {[%emt 00:00:48]} 16. Bxf4 {[%clk 00:48:58]} {[%emt
00:00:14]} Kh7 {[%clk 00:29:46]} {[%emt 00:02:03]} 17. Qh4 {[%clk 00:46:26]}
{[%emt 00:02:41]} Bxf4 {[%clk 00:23:53]} {[%emt 00:06:03]} 18. Rxf4 {[%clk
00:46:24]} {[%emt 00:00:11]} Qd4+ {[%clk 00:23:43]} {[%emt 00:00:20]} 19. Kh1
{[%clk 00:46:07]} {[%emt 00:00:26]} Re6 {[%clk 00:23:21]} {[%emt 00:00:33]} 20.
g4 {[%clk 00:44:09]} {[%emt 00:02:08]} Bg6 {[%clk 00:22:41]} {[%emt 00:00:50]}
21. g5 {[%clk 00:43:00]} {[%emt 00:01:18]} Nh5 {[%clk 00:22:02]} {[%emt
00:00:50]} 22. Rf3 {[%clk 00:41:55]} {[%emt 00:01:14]} Rf8 {[%clk 00:21:32]}
{[%emt 00:00:40]} 23. c3 {[%clk 00:41:27]} {[%emt 00:00:38]} Qd8 {[%clk
00:20:49]} {[%emt 00:00:54]} 24. Rg1 {[%clk 00:40:46]} {[%emt 00:00:50]} Re5
{[%clk 00:20:14]} {[%emt 00:00:46]} 25. Ng4 {[%clk 00:39:22]} {[%emt 00:01:33]}
Qxg5 {[%clk 00:19:26]} {[%emt 00:00:59]} 26. Nf6+ {[%clk 00:39:04]} {[%emt
00:00:27]} 1-0

[Event "ABC-4 2025 Groep B"]
[Site "Utrecht"]
[Date "2025.03.16"]
[Round "7.9"]
[White "Deij, Casper"]
[Black "Heus, Daan"]
[Result "1/2-1/2"]
[WhiteFideId "8844990"]
[BlackFideId "8814652"]
[WhiteElo "1673"]
[BlackElo "1956"]

1. e4 {[%clk 00:55:17]} {[%emt 00:00:02]} e5 {[%clk 00:55:15]} {[%emt
00:00:06]} 2. Nf3 {[%clk 00:55:24]} {[%emt 00:00:04]} Nc6 {[%clk 00:55:20]}
{[%emt 00:00:04]} 3. Nc3 {[%clk 00:55:30]} {[%emt 00:00:04]} Nf6 {[%clk
00:55:23]} {[%emt 00:00:06]} 4. Bb5 {[%clk 00:55:36]} {[%emt 00:00:04]} Bc5
{[%clk 00:54:57]} {[%emt 00:00:36]} 5. Nxe5 {[%clk 00:55:42]} {[%emt 00:00:05]}
Nxe5 {[%clk 00:53:53]} {[%emt 00:01:14]} 6. d4 {[%clk 00:55:47]} {[%emt
00:00:05]} Bb4 {[%clk 00:52:25]} {[%emt 00:01:38]} 7. dxe5 {[%clk 00:55:22]}
{[%emt 00:00:35]} Nxe4 {[%clk 00:51:40]} {[%emt 00:00:55]} 8. Bd2 {[%clk
00:55:19]} {[%emt 00:00:13]} Nxd2 {[%clk 00:49:56]} {[%emt 00:01:54]} 9. Qxd2
{[%clk 00:55:23]} {[%emt 00:00:06]} O-O {[%clk 00:49:38]} {[%emt 00:00:27]} 10.
O-O {[%clk 00:53:14]} {[%emt 00:02:19]} a6 {[%clk 00:47:01]} {[%emt 00:02:47]}
11. Bc4 {[%clk 00:51:21]} {[%emt 00:02:03]} b5 {[%clk 00:44:47]} {[%emt
00:02:24]} 12. Bd5 {[%clk 00:49:24]} {[%emt 00:02:07]} Rb8 {[%clk 00:43:35]}
{[%emt 00:01:22]} 13. a3 {[%clk 00:48:24]} {[%emt 00:01:11]} Be7 {[%clk
00:40:50]} {[%emt 00:02:54]} 14. Rad1 {[%clk 00:45:43]} {[%emt 00:02:51]} b4
{[%clk 00:35:41]} {[%emt 00:05:19]} 15. axb4 {[%clk 00:44:49]} {[%emt
00:01:04]} Rxb4 {[%clk 00:35:13]} {[%emt 00:00:37]} 16. Bb3 {[%clk 00:42:52]}
{[%emt 00:02:07]} Rg4 {[%clk 00:25:16]} {[%emt 00:10:07]} 17. Qe2 {[%clk
00:38:36]} {[%emt 00:04:26]} Rg6 {[%clk 00:23:38]} {[%emt 00:01:48]} 18. Ne4
{[%clk 00:35:00]} {[%emt 00:03:46]} Bb7 {[%clk 00:21:52]} {[%emt 00:01:57]} 19.
f4 {[%clk 00:31:35]} {[%emt 00:03:34]} Bxe4 {[%clk 00:17:24]} {[%emt 00:04:38]}
20. Qxe4 {[%clk 00:31:27]} {[%emt 00:00:18]} Bc5+ {[%clk 00:17:23]} {[%emt
00:00:11]} 21. Kh1 {[%clk 00:31:20]} {[%emt 00:00:18]} Qh4 {[%clk 00:15:56]}
{[%emt 00:01:37]} 22. Rxd7 {[%clk 00:25:23]} {[%emt 00:06:06]} Rh6 {[%clk
00:13:38]} {[%emt 00:02:29]} 23. h3 {[%clk 00:23:28]} {[%emt 00:02:05]} Qg4
{[%clk 00:12:35]} {[%emt 00:01:12]} 24. Qd3 {[%clk 00:20:47]} {[%emt 00:02:51]}
Bd6 {[%clk 00:08:56]} {[%emt 00:03:50]} 25. Rxf7 {[%clk 00:18:30]} {[%emt
00:02:27]} Rxf7 {[%clk 00:08:22]} {[%emt 00:00:44]} 26. Bxf7+ {[%clk 00:18:34]}
{[%emt 00:00:06]} Kxf7 {[%clk 00:08:12]} {[%emt 00:00:20]} 27. exd6 {[%clk
00:18:20]} {[%emt 00:00:24]} cxd6 {[%clk 00:06:19]} {[%emt 00:02:04]} 28. Qf3
{[%clk 00:15:21]} {[%emt 00:03:09]} Qxf3 {[%clk 00:05:19]} {[%emt 00:01:10]} 29.
Rxf3 {[%clk 00:15:26]} {[%emt 00:00:05]} Re6 {[%clk 00:05:19]} {[%emt
00:00:10]} 30. Rb3 {[%clk 00:14:18]} {[%emt 00:01:18]} d5 {[%clk 00:04:37]}
{[%emt 00:00:52]} 31. Kg1 {[%clk 00:13:57]} {[%emt 00:00:31]} Re2 {[%clk
00:03:57]} {[%emt 00:00:50]} 32. c3 {[%clk 00:13:52]} {[%emt 00:00:16]} Kf6
{[%clk 00:03:20]} {[%emt 00:00:46]} 33. g4 {[%clk 00:13:04]} {[%emt 00:00:58]}
Re4 {[%clk 00:02:04]} {[%emt 00:01:26]} 34. Rb6+ {[%clk 00:12:41]} {[%emt
00:00:33]} Ke7 {[%clk 00:02:05]} {[%emt 00:00:09]} 35. Rxa6 {[%clk 00:12:30]}
{[%emt 00:00:21]} Rxf4 {[%clk 00:02:13]} {[%emt 00:00:02]} 36. Kg2 {[%clk
00:12:22]} {[%emt 00:00:18]} Re4 {[%clk 00:01:58]} {[%emt 00:00:25]} 37. Kf2
{[%clk 00:11:39]} {[%emt 00:00:54]} Rf4+ {[%clk 00:01:12]} {[%emt 00:00:56]} 38.
Kg2 {[%clk 00:10:45]} {[%emt 00:01:05]} Re4 {[%clk 00:01:16]} {[%emt 00:00:05]}
39. Rb6 {[%clk 00:10:43]} {[%emt 00:00:12]} d4 {[%clk 00:00:59]} {[%emt
00:00:27]} 40. Rb4 {[%clk 00:09:59]} {[%emt 00:00:54]} Re2+ {[%clk 00:01:07]}
{[%emt 00:00:02]} 41. Kf3 {[%clk 00:09:53]} {[%emt 00:00:15]} d3 {[%clk
00:00:46]} {[%emt 00:00:32]} 42. Rd4 {[%clk 00:09:46]} {[%emt 00:00:17]} Rxb2
{[%clk 00:00:42]} {[%emt 00:00:14]} 43. Rxd3 {[%clk 00:09:53]} {[%emt
00:00:03]} Ke6 {[%clk 00:00:38]} {[%emt 00:00:14]} 44. Kf4 {[%clk 00:09:35]}
{[%emt 00:00:29]} h6 {[%clk 00:00:37]} {[%emt 00:00:11]} 45. c4 {[%clk
00:08:50]} {[%emt 00:00:55]} Rc2 {[%clk 00:00:37]} {[%emt 00:00:09]} 46. Rd4
{[%clk 00:08:42]} {[%emt 00:00:18]} Rc3 {[%clk 00:00:40]} {[%emt 00:00:07]} 47.
h4 {[%clk 00:08:42]} {[%emt 00:00:11]} Kf6 {[%clk 00:00:28]} {[%emt 00:00:22]}
48. h5 {[%clk 00:08:29]} {[%emt 00:00:23]} Ke6 {[%clk 00:00:23]} {[%emt
00:00:15]} 49. Ke4 {[%clk 00:08:00]} {[%emt 00:00:39]} Rc1 {[%clk 00:00:22]}
{[%emt 00:00:11]} 50. Ke3 {[%clk 00:06:42]} {[%emt 00:01:28]} Ke5 {[%clk
00:00:26]} {[%emt 00:00:06]} 51. Rd5+ {[%clk 00:06:48]} {[%emt 00:00:04]} Ke6
{[%clk 00:00:32]} {[%emt 00:00:04]} 52. Rd4 {[%clk 00:06:04]} {[%emt 00:00:54]}
Ke5 {[%emt 00:00:34]} 53. Re4+ {[%clk 00:05:43]} Kd6 {[%clk 00:00:36]} {[%emt
00:00:11]} 54. Kf4 {[%clk 00:05:45]} {[%emt 00:00:09]} Rf1+ {[%clk 00:00:38]}
{[%emt 00:00:08]} 55. Ke3 {[%emt 00:00:39]} Ke5 {[%emt 00:00:03]} 1/2-1/2